[Event "FRA-ch Youth U16 2018"]
[Site "Agen"]
[Date "2018.04.20"]
[Round "7"]
[White "Arnaud, Aurelien"]
[Black "Gatineau, Yovann"]
[Result "1/2-1/2"]
[WhiteElo "2033"]
[BlackElo "2365"]
[Annotator "TA"]
[PlyCount "143"]
[EventDate "2018.??.??"]
[EventType "swiss"]
[EventCountry "FRA"]
[SourceTitle "playchess.com"]
[Source "ChessBase"]
[SourceQuality "1"]

{[%evp 9,143,33,30,0,0,0,8,-13,0,0,0,-12,-20,-17,-8,-11,-8,-37,-37,-72,-22,-87,-27,-106,-83,-163,-45,-44,-53,-44,-47,-41,-18,-41,-37,-41,-34,-47,-38,-67,0,-68,-60,-45,0,0,0,0,0,0,210,204,175,-2,-8,-27,-33,-34,-34,-105,-21,-108,-118,-99,-16,-48,-67,-54,-50,-187,-152,-143,-119,-125,-37,-88,-12,-51,-43,-88,-137,-112,0,0,60,-13,-8,-14,-16,-70,-70,-70,-70,-172,-170,-171,-162,-152,0,0,0,0,0,0,0,0,0,0,29972,29973,29972,29973,6070,0,0,0,0,0,0,0,0,0,0,0,0,0,0,0,0,0,0,0,0,0,0,1]} 1. d4 Nf6 2. c4 c6 3. Nf3 d5 4. e3 Bf5 5. Nc3 e6 {LiveBook: 5023 Games} 6. b3 {D12: Slav Defence: 3 Nf3 Nf6 4 e3 Bf5} (6. Nh4 Be4 7. f3 Bg6 8. Qb3 Qc7 9. Bd2 Be7 10. g3 Nbd7 11. cxd5 exd5 12. O-O-O a5 13. Nxg6 hxg6 14. Qc2 a4 15. e4 a3 16. e5 axb2+ {0-1 (59) Le,Q (2737)-Mamedov,R (2709) Huaian 2017}) 6... Bb4 7. Bd2 Bd6 8. Be2 h6 $146 {[%cal Bh7h6,Bh6h5,Bh5h4][%mdl 32]} ({Predecessor:} 8... Nbd7 9. Nh4 O-O 10. Nxf5 exf5 11. cxd5 Nxd5 12. Nxd5 cxd5 13. Bf3 Nf6 {1-0 (65) Cafolla,P (2053)-Janusaitis,M (1968) Dublin 2011}) 9. O-O Nbd7 10. Nh4 (10. c5 $5 {[%cal Rc5d6]} Bc7 11. b4 $11) 10... Bh7 11. g3 g5 12. Ng2 Qe7 13. Re1 h5 14. Bf3 h4 15. e4 (15. cxd5 $1 $11 hxg3 16. fxg3 (16. dxc6 gxf2+ 17. Kxf2 bxc6 $17)) 15... Nxe4 (15... dxe4 $17 16. Bxe4 Nxe4 17. Nxe4 Bxe4 18. Rxe4 hxg3 19. fxg3 f5) 16. Bxe4 (16. cxd5 $1 $11 {remains equal.} exd5 17. Bxe4 dxe4 18. Qh5) 16... dxe4 $17 17. Qh5 (17. Nxe4 $17 Bxe4 18. Rxe4) 17... O-O-O (17... hxg3 $19 18. hxg3 O-O-O 19. Qxg5 Qxg5 20. Bxg5 Rdg8) 18. Bxg5 $15 f6 19. Bxh4 Bb4 $1 {[%cal Rb4c3]} 20. Re3 c5 21. d5 Bf5 22. Qe2 {Hoping for dxe6.} Bxc3 $1 23. Rxc3 Ne5 24. a3 Qh7 (24... Kb8 $15) 25. b4 (25. Qe3 $1 $11) 25... Rdg8 {aiming for ...Bh3.} 26. Qe3 (26. bxc5 $2 Bh3 $19) 26... Nf3+ 27. Kh1 Bh3 28. Qxc5+ Kb8 $1 29. Nf4 Qf5 $2 (29... Nxh4 $11 {and Black is okay.} 30. gxh4 Bg4 31. dxe6 Qxh4 32. Qd6+ Ka8) 30. Qd6+ $18 Ka8 {[#]} 31. Nxe6 $2 (31. dxe6 Rxh4 32. Rd1 (32. Rxf3 exf3 33. Rd1 Rhh8 $17) 32... Rhh8 $17) (31. Rxf3 $1 $18 exf3 32. Qxe6 (32. dxe6 Rxh4 33. Rd1 a6 $17)) 31... Rh7 $1 $11 32. Nf8 (32. Nc7+ $6 Rxc7 33. Qxc7 Nxh4 $14) 32... Rxh4 $40 {[%mdl 128] Black attacks.} 33. Qd8+ Qc8 34. Qxc8+ Bxc8 {[%csl Gf3][%cal Rh4h2]} 35. gxh4 (35. Rxf3 $1 $11 exf3 36. gxh4 Rxf8 37. Re1) 35... Bh3 $1 $17 {[%csl Gg8][%cal Rh3g2]} 36. Rxf3 Bg2+ 37. Kg1 Bxf3+ 38. Kf1 Rxf8 $15 {[%mdl 4096] Endgame KRB-KR} 39. c5 (39. Ke1 $1 $15) 39... Kb8 40. Ke1 Kc7 41. Kd2 Rg8 (41... Rd8 $17 42. d6+ Kc6) 42. a4 {[#]} (42. Ke3 $15) 42... f5 (42... e3+ $1 $17 {[%mdl 512]} 43. fxe3 (43. Kxe3 Bxd5) 43... Bxd5) 43. Ke3 $11 Rg4 44. h5 f4+ 45. Kd4 Rg5 (45... Bg2 $1 $17 46. a5 e3) 46. h6 Rg6 ({Black should try} 46... e3 $11 47. d6+ (47. fxe3 Rxd5+ 48. Kc4 Rh5 $17) 47... Kd8 48. fxe3 Rd5+ 49. Kc3 fxe3) 47. h7 (47. Rg1 $14 Rxh6 48. d6+ Kc8 49. Rg8+ Kd7 50. Rg7+ Ke6 51. Rxb7 Rxh2 52. d7 (52. Rxa7 Rxf2 53. Re7+ Kf6 $11) 52... Rxf2 53. d8=N+ Kf6 54. Rf7+ Kg6 55. Rxa7) 47... Rh6 $1 {[%csl LRh2,LRh7]} 48. Ke5 Rxh7 {White must now prevent ...a5.} 49. Rg1 (49. Kxf4 $11 Rxh2 50. Rg1) 49... e3 $15 50. d6+ Kc6 51. fxe3 (51. b5+ $15 Kd7 52. fxe3 fxe3 53. Kf4) 51... fxe3 $19 52. Kf4 Bd5 {...e2 is the strong threat.} 53. Kxe3 {[#]} Rh3+ $2 ({Stronger than} 53... Rxh2 54. Rg7 $11) (53... a5 $1 $17 {[%cal Ra5b4]} 54. d7 Kxd7 55. bxa5 Bc6) 54. Rg3 $11 Rxg3+ 55. hxg3 {KB-KP} Be6 56. Kd4 a6 57. Ke5 Bc8 58. Kf6 a5 $2 {[%mdl 8192] [#]} (58... Bh3 $11) 59. b5+ $1 Kxc5 60. Ke7 Kb4 61. d7 $2 (61. b6 $18 Kxa4 62. Kd8 (62. d7 Bxd7 63. Kxd7 Kb5 $11)) 61... Bxd7 $1 {The position is equal.} 62. Kxd7 Kxa4 63. g4 {Threatens to win with g5.} Kxb5 {KPP-KP} 64. g5 a4 65. g6 {Strongly threatening g7.} a3 66. g7 a2 67. g8=Q a1=Q 68. Qb3+ Ka6 {And now ...Qd4+ would win.} 69. Qc4+ Ka7 70. Qc5+ b6 71. Qc7+ Ka8 72. Qc8+ {Precision: White = 38%, Black = 60%.} 1/2-1/2

[Event "FRA-ch Youth U16 2018"]
[Site "Agen"]
[Date "2018.04.20"]
[Round "7"]
[White "Aubert, Estee"]
[Black "Diez, Ambre"]
[Result "1-0"]
[WhiteElo "1892"]
[BlackElo "1701"]
[Annotator "NA"]
[PlyCount "51"]
[EventDate "2018.??.??"]
[EventType "swiss"]
[EventCountry "FRA"]
[SourceTitle "playchess.com"]
[Source "ChessBase"]
[SourceQuality "1"]
[TimeControl "5400+30"]

1. d4 {[%emt 0:00:00]} Nf6 {[%emt 0:00:12]} 2. Bf4 {[%emt 0:00:00]} g6 {[%emt 0:00:11]} 3. e3 {[%emt 0:00:00]} Bg7 {[%emt 0:00:11]} 4. Nf3 {[%emt 0:00:02]} O-O {[%emt 0:00:10]} 5. Be2 {[%emt 0:00:18]} d6 {[%emt 0:00:13]} 6. h3 {[%emt 0:00:07]} Nbd7 {[%emt 0:00:13]} 7. O-O {[%emt 0:00:15]} b6 {[%emt 0:00:14]} 8. a4 {[%emt 0:00:10] A48: 1 d4 Nf6 2 Nf3 g6: Torre, London and Colle Systems} (8. c4 Bb7 9. Nc3 a6 10. Bh2 Qe8 11. d5 e5 12. Nd2 Qe7 13. b4 Kh8 14. a4 a5 15. bxa5 Rxa5 16. Nb3 Raa8 17. a5 {1-0 (39) Karjakin,S (2783)-Nepomniachtchi,I (2751) chess.com INT 2017}) 8... a5 {[%emt 0:02:08]} 9. Nc3 {[%emt 0:00:20]} Bb7 {[%emt 0:01:17]} 10. Nb5 {[%emt 0:01:31]} c5 {[%emt 0:03:07]} 11. c3 {[%emt 0:07:13]} Nd5 {[%emt 0:06:12]} 12. Bg3 {[%emt 0:01:59]} N7f6 $146 {[%emt 0:05:34]} ({Predecessor:} 12... Nc7 13. Nd2 Nxb5 14. Bxb5 Nf6 15. Qe2 Qc7 16. Rac1 Rfd8 {1-0 (30) Fichtner,E (1970)-Bondarchuk,V (1996) Solingen 2011}) 13. Nd2 {[%emt 0:04:19]} Nc7 {[%emt 0:02:51]} 14. Qb1 {[%emt 0:21:34]} Nxb5 {[%emt 0:09:33]} 15. Bxb5 {[%emt 0:02:49]} Nh5 {[%emt 0:04:09]} 16. Bh2 {[%emt 0:02:14]} cxd4 {[%emt 0:01:40]} 17. cxd4 {[%emt 0:02:07]} e5 {[%emt 0:09:03]} 18. Nc4 {[%emt 0:08:01]} Qg5 {[%emt 0:06:33]} 19. e4 $15 {[%emt 0:06:09]} exd4 {[%emt 0:20:32]} 20. Nxd6 {[%emt 0:08:58]} Ba6 {[%emt 0:04:45]} 21. Bxa6 {[%emt 0:04:07]} Rxa6 {[%emt 0:00:48]} 22. Qd3 {[%emt 0:04:58]} Raa8 {[%emt 0:02:03]} 23. f4 {[%emt 0:01:14]} Qc5 {[%emt 0:06:31]} 24. e5 {[%emt 0:00:16]} Bh8 {[%emt 0:05:49]} 25. Rfd1 {[%emt 0:01:37]} Ng7 {[%emt 0:03:47]} 26. Ne4 {[%emt 0:03:30]} 1-0

[Event "FRA-ch Youth U16 2018"]
[Site "Agen"]
[Date "2018.04.20"]
[Round "7"]
[White "Francois, Gwladys"]
[Black "Grall, Alba"]
[Result "1-0"]
[WhiteElo "1765"]
[BlackElo "1855"]
[Annotator "NA"]
[PlyCount "121"]
[EventDate "2018.??.??"]
[EventType "swiss"]
[EventCountry "FRA"]
[SourceTitle "playchess.com"]
[Source "ChessBase"]
[SourceQuality "1"]
[TimeControl "5400+30"]

1. e4 {[%emt 0:00:00]} e5 {[%emt 0:00:06]} 2. Nf3 {[%emt 0:00:15]} Nc6 {[%emt 0:00:06]} 3. Bb5 {[%emt 0:00:46]} g6 {[%emt 0:00:29]} 4. O-O {[%emt 0:02:41]} Bg7 {[%emt 0:02:42]} 5. Bxc6 {[%emt 0:00:34] C60: Ruy Lopez: Unusual Black 3rd moves and 3...g6} (5. c3 a6 6. Ba4 d6 7. d4 exd4 8. cxd4 b5 9. Bb3 Nge7 10. h3 O-O 11. Nc3 Na5 12. Be3 Bb7 13. d5 Nxb3 14. Qxb3 c5 15. dxc6 Nxc6 16. a4 Na5 17. Qb4 Nc6 18. Qb3 Na5 19. Qb4 Nc6 20. Qb3 {½-½ (20) Anton Guijarro,D (2654)-Van Kampen,R (2643) Linares 2017}) 5... bxc6 {[%emt 0:02:04]} 6. d3 {[%emt 0:03:41]} Ne7 {[%emt 0:02:26]} 7. Re1 {[%emt 0:05:18]} O-O {[%emt 0:00:21]} 8. Nbd2 $146 {[%emt 0:04:13]} ({Predecessor:} 8. Bg5 h6 9. Be3 d6 10. h3 f5 11. Bc1 g5 12. Nbd2 Ng6 {1-0 (43) Garcia Padron,J (2220)-Rodriguez Moya,D Corte Ingles 1998}) 8... d6 {[%emt 0:01:10]} 9. c3 {[%emt 0:04:59]} c5 {[%emt 0:18:36]} 10. Qc2 {[%emt 0:07:46]} Rb8 {[%emt 0:05:11]} 11. h3 {[%emt 0:01:25]} h6 {[%emt 0:09:45]} 12. Nb3 {[%emt 0:01:56]} Kh7 {[%emt 0:03:00]} 13. d4 {[%emt 0:04:02]} cxd4 {[%emt 0:09:21]} 14. cxd4 {[%emt 0:02:26]} exd4 {[%emt 0:02:57]} 15. Nfxd4 {[%emt 0:01:18]} Bb7 {[%emt 0:07:51]} ({Black should play} 15... c5 $15 16. Nf3 a5) 16. Bf4 {[%emt 0:05:51]} Qd7 {[%emt 0:04:51]} 17. Rac1 {[%emt 0:08:46]} c5 {[%emt 0:02:34]} 18. Nf3 {[%emt 0:08:43]} f5 {[%emt 0:00:06]} 19. e5 {[%emt 0:02:55]} Bxf3 {[%emt 0:04:51]} 20. gxf3 {[%emt 0:00:32]} Nd5 {[%emt 0:00:28]} 21. e6 {[%emt 0:06:53]} Qe7 {[%emt 0:00:36]} 22. Bh2 {[%emt 0:02:14]} Rb4 {[%emt 0:11:17]} 23. Qd2 {[%emt 0:01:40]} Bd4 {[%emt 0:01:23]} 24. f4 {[%emt 0:02:54]} Rf6 {[%emt 0:02:08]} 25. Qe2 {[%emt 0:03:07]} Nc7 {[%emt 0:00:07]} 26. Nxd4 {[%emt 0:02:38]} Rxd4 {[%emt 0:00:09]} 27. Qf3 $19 {[%emt 0:00:32]} Rb4 {[%emt 0:02:12]} 28. b3 {[%emt 0:00:29]} Rxe6 {[%emt 0:00:13]} 29. Rxe6 {[%emt 0:00:09]} Qxe6 {[%emt 0:00:10]} 30. Qc6 {[%emt 0:00:38]} Qe7 {[%emt 0:00:19]} 31. Kf1 {[%emt 0:00:55]} Rb6 {[%emt 0:01:33]} 32. Qf3 {[%emt 0:01:18]} d5 {[%emt 0:00:22]} 33. Re1 {[%emt 0:00:44]} Re6 {[%emt 0:00:05]} 34. Rc1 {[%emt 0:00:20]} Nb5 {[%emt 0:00:59]} 35. Qxd5 {[%emt 0:01:01]} Rd6 {[%emt 0:03:01]} 36. Qc4 {[%emt 0:04:58]} Na3 {[%emt 0:00:38]} 37. Qc3 {[%emt 0:00:40]} Nb5 {[%emt 0:01:25]} 38. Qc4 {[%emt 0:00:05]} Na3 {[%emt 0:02:33]} 39. Qc3 {[%emt 0:00:04]} Nb5 {[%emt 0:00:03]} 40. Qc4 {[%emt 0:00:04]} a6 {[%emt 0:00:16]} 41. Re1 {[%emt 0:01:28]} Qb7 {[%emt 0:00:13]} 42. Kg1 {[%emt 0:03:31]} Nd4 {[%emt 0:00:19]} 43. Re3 {[%emt 0:00:08]} Rd7 {[%emt 0:01:51]} 44. Qc3 {[%emt 0:00:53]} Qa8 {[%emt 0:00:40]} 45. Bg3 {[%emt 0:00:41]} Nb5 {[%emt 0:00:35]} 46. Qc2 {[%emt 0:00:51]} Qd8 {[%emt 0:00:33]} 47. Qxc5 {[%emt 0:01:27]} Rc7 {[%emt 0:00:35]} 48. Qe5 {[%emt 0:00:52]} Qa8 {[%emt 0:00:20]} 49. Re1 {[%emt 0:00:41]} Qb7 {[%emt 0:00:11]} (49... Rd7 $14) 50. Qb2 {[%emt 0:00:50]} Nc3 {[%emt 0:00:13]} 51. Kh2 {[%emt 0:00:58]} Ne4 {[%emt 0:00:13]} 52. f3 {[%emt 0:01:26]} Qc8 {[%emt 0:00:38]} 53. Re2 {[%emt 0:00:36]} Nxg3 {[%emt 0:00:14]} 54. Kxg3 Rd7 {[%emt 0:00:40]} 55. Qf6 {[%emt 0:00:59]} Qc7 {[%emt 0:01:10]} 56. Qxa6 {[%emt 0:00:36]} Qc1 {[%emt 0:00:19]} 57. Qe6 {[%emt 0:01:21]} Qg1+ {[%emt 0:00:45]} 58. Rg2 {[%emt 0:00:07]} Qd1 {[%emt 0:00:18]} 59. Kh2 {[%emt 0:01:31]} Qd4 {[%emt 0:00:20]} 60. Qxg6+ {[%emt 0:00:09]} Kh8 {[%emt 0:00:17]} 61. Qg8# {[%emt 0:00:01]} 1-0

[Event "FRA-ch Youth U16 2018"]
[Site "Agen"]
[Date "2018.04.20"]
[Round "7"]
[White "Sabiani, Chjara"]
[Black "Pionnier, Camille"]
[Result "1-0"]
[WhiteElo "1723"]
[BlackElo "1744"]
[Annotator "NA"]
[PlyCount "54"]
[EventDate "2018.??.??"]
[EventType "swiss"]
[EventCountry "FRA"]
[SourceTitle "playchess.com"]
[Source "ChessBase"]
[SourceQuality "1"]
[TimeControl "5400+30"]

1. d4 {[%emt 0:00:00]} Nf6 {[%emt 0:00:06]} 2. c4 {[%emt 0:00:00]} e6 {[%emt 0:00:06]} 3. Nf3 {[%emt 0:00:16]} Bb4+ {[%emt 0:00:21]} 4. Bd2 {[%emt 0:00:09]} a5 {[%emt 0:00:11]} 5. a3 {[%emt 0:02:59]} Bxd2+ {[%emt 0:00:34]} 6. Nbxd2 {[%emt 0:00:37]} a4 {[%emt 0:04:26]} 7. g3 {[%emt 0:01:10]} d6 {[%emt 0:01:05]} 8. Bg2 {[%emt 0:00:33]} Nbd7 {[%emt 0:00:46]} 9. O-O {[%emt 0:03:59]} O-O {[%emt 0:00:30]} 10. e4 {[%emt 0:04:56]} e5 {[%emt 0:00:42]} 11. d5 {[%emt 0:06:27]} Nc5 {[%emt 0:24:27]} 12. Ne1 {[%emt 0:03:23]} Re8 {[%emt 0:05:52]} 13. Qc2 {[%emt 0:04:02]} Ng4 {[%emt 0:11:47]} 14. Nd3 {[%emt 0:02:32]} Nxd3 {[%emt 0:02:30]} 15. Qxd3 {[%emt 0:00:01]} Nh6 {[%emt 0:06:03]} 16. Rac1 {[%emt 0:25:06]} b6 {[%emt 0:05:41]} 17. f4 {[%emt 0:07:17]} exf4 {[%emt 0:06:45]} 18. gxf4 {[%emt 0:01:46]} f5 {[%emt 0:01:15]} 19. Rce1 {[%emt 0:06:02]} fxe4 {[%emt 0:04:35]} 20. Bxe4 {[%emt 0:00:24]} Rf8 {[%emt 0:09:59]} 21. Bxh7+ {[%emt 0:01:11]} Kh8 {[%emt 0:00:01]} 22. Ne4 {[%emt 0:03:38]} Qh4 {[%emt 0:03:02]} 23. Ng5 {[%emt 0:00:32]} Bf5 {[%emt 0:05:46]} 24. Bxf5 {[%emt 0:01:21]} Rxf5 {[%emt 0:00:02]} 25. Qg3 {[%emt 0:00:31]} Qh5 {[%emt 0:01:35]} 26. Re7 {[%emt 0:01:12]} Nf7 {[%emt 0:00:48]} 27. Ne6 {[%emt 0:01:21]} Rg8 1-0

[Event "FRA-ch Youth U16 2018"]
[Site "Agen"]
[Date "2018.04.20"]
[Round "7"]
[White "Konate, Salma"]
[Black "Djidjeli, Sarah"]
[Result "0-1"]
[WhiteElo "1653"]
[BlackElo "1903"]
[Annotator "NA"]
[PlyCount "72"]
[EventDate "2018.??.??"]
[EventType "swiss"]
[EventCountry "FRA"]
[SourceTitle "playchess.com"]
[Source "ChessBase"]
[SourceQuality "1"]
[TimeControl "5400+30"]

1. e4 {[%emt 0:00:00]} c5 {[%emt 0:00:04]} 2. Nf3 {[%emt 0:00:00]} Nc6 {[%emt 0:00:03]} 3. Nc3 {[%emt 0:00:00]} d6 {[%emt 0:00:08]} 4. h3 {[%emt 0:00:20]} Nf6 {[%emt 0:03:19]} 5. d4 {[%emt 0:01:19]} cxd4 {[%emt 0:00:13]} 6. Nxd4 {[%emt 0:00:06]} e5 {[%emt 0:00:06]} 7. Nf3 {[%emt 0:01:00]} Be7 {[%emt 0:01:47]} 8. Be2 {[%emt 0:03:30]} O-O {[%emt 0:02:02]} 9. a3 {[%emt 0:01:12]} h6 {[%emt 0:03:40]} 10. O-O {[%emt 0:11:39]} Be6 {[%emt 0:00:18]} 11. Bd3 {[%emt 0:01:22]} d5 {[%emt 0:03:15]} 12. Re1 {[%emt 0:02:47]} Bc5 {[%emt 0:05:14]} 13. exd5 {[%emt 0:14:19]} Nxd5 {[%emt 0:00:08]} 14. Nxd5 {[%emt 0:10:41]} Qxd5 {[%emt 0:21:12]} 15. c4 {[%emt 0:02:41]} Qd6 {[%emt 0:01:53]} 16. b4 {[%emt 0:08:10]} Bd4 {[%emt 0:00:09]} 17. Be3 $14 {[%emt 0:07:35]} Rfd8 {[%emt 0:05:36]} 18. Bxd4 {[%emt 0:05:36]} exd4 {[%emt 0:02:00]} 19. b5 {[%emt 0:05:25]} Na5 {[%emt 0:01:50]} 20. Qa4 {[%emt 0:08:57]} b6 {[%emt 0:01:43]} 21. Re4 {[%emt 0:02:57]} Qc5 {[%emt 0:01:03]} 22. Re5 {[%emt 0:00:16]} Qc7 {[%emt 0:00:35]} 23. Rc1 {[%emt 0:04:50]} Rac8 {[%emt 0:05:50]} 24. Re2 {[%emt 0:04:27]} Qf4 {[%emt 0:03:27]} 25. Rce1 {[%emt 0:01:56]} Bxh3 {[%emt 0:06:45]} 26. Re4 {[%emt 0:00:13]} Qf6 {[%emt 0:00:06]} 27. Nxd4 {[%emt 0:00:40]} Qg5 {[%emt 0:01:14]} 28. g3 {[%emt 0:00:59]} Bg4 {[%emt 0:01:52]} 29. R1e3 {[%emt 0:00:38]} g6 {[%emt 0:03:20]} 30. Re5 {[%emt 0:00:41]} Qf6 {[%emt 0:00:36]} 31. Nc6 {[%emt 0:00:39]} Nxc6 {[%emt 0:00:16]} 32. bxc6 {[%emt 0:00:04]} Rxd3 {[%emt 0:00:40]} 33. Re8+ {[%emt 0:00:41]} Rxe8 {[%emt 0:00:04]} 34. Rxe8+ {[%emt 0:00:05]} Kg7 {[%emt 0:00:16]} 35. c7 {[%emt 0:00:45]} Qf3 {[%emt 0:01:05]} 36. Re1 {[%emt 0:00:57]} Bh3 {[%emt 0:00:05]} 0-1

[Event "FRA-ch Youth U16 2018"]
[Site "Agen"]
[Date "2018.04.21"]
[Round "8"]
[White "Gatineau, Yovann"]
[Black "Harutyunyan, Ruben"]
[Result "1-0"]
[WhiteElo "2365"]
[BlackElo "2305"]
[Annotator "NA RC"]
[PlyCount "74"]
[EventDate "2018.??.??"]
[EventType "swiss"]
[EventCountry "FRA"]
[SourceTitle "playchess.com"]
[Source "ChessBase"]
[SourceQuality "1"]
[TimeControl "5400+30"]

1. d4 {[%emt 0:00:00]} Nf6 {[%emt 0:00:32]} 2. Nf3 {[%emt 0:00:04]} e6 3. c4 {[%emt 0:00:04]} c5 {[%emt 0:00:19]} 4. d5 {[%emt 0:00:05]} b5 {[%emt 0:00:22]} 5. e4 {[%emt 0:00:03]} Nxe4 {[%emt 0:03:17] E10: Blumenfeld Gambit} 6. Bd3 {[%emt 0:00:17]} Nd6 {[%emt 0:09:42]} (6... Nf6 7. O-O Bb7 8. Nc3 Be7 9. Nxb5 exd5 10. cxd5 d6 11. Nh4 O-O 12. Nf5 a6 13. Nc3 {½-½ (44) Vitiugov,N (2724)-Kvon,A (2500) Helsingor 2017}) 7. cxb5 {[%emt 0:00:10]} Bb7 {[%emt 0:11:14]} 8. Nc3 {[%emt 0:00:04]} a6 {[%emt 0:14:13]} 9. b6 {[%emt 0:00:05]} Be7 {[%emt 0:19:46]} 10. O-O {[%emt 0:00:10]} O-O {[%emt 0:04:56]} 11. Bf4 {[%emt 0:00:20]} Qxb6 {[%emt 0:03:14]} 12. Rc1 $146 {[%emt 0:10:18]} ({Find the theoretical novelty and annotate with similar games:} 12. Re1 $14 c4 13. Bxd6 Qxd6 14. Bxc4 {1-0 (81) Mayer,R (2478)-Leupold,V (2326) ICCF email 2010}) 12... Bxd5 {[%emt 0:08:47]} 13. Nxd5 {[%emt 0:18:37]} exd5 {[%emt 0:00:03]} 14. Qc2 {[%emt 0:14:16]} Ne4 {[%emt 0:00:49]} 15. Bxe4 {[%emt 0:08:14]} dxe4 {[%emt 0:00:01]} 16. Qxe4 {[%emt 0:00:05]} Nc6 {[%emt 0:00:26]} 17. Rfd1 {[%emt 0:00:26]} Rae8 {[%emt 0:05:41]} 18. Qc4 {[%emt 0:11:16]} Rd8 {[%emt 0:05:49]} 19. b3 {[%emt 0:07:49]} Nb4 {[%emt 0:01:34]} 20. Qe2 {[%emt 0:02:19]} Rfe8 {[%emt 0:03:05]} 21. a3 {[%emt 0:02:01]} Nc6 {[%emt 0:01:45]} 22. Qc4 {[%emt 0:01:14]} Na5 {[%emt 0:02:09]} 23. Qa4 {[%emt 0:00:03]} Qb5 {[%emt 0:02:12]} 24. Bc7 {[%emt 0:00:34]} Nxb3 {[%emt 0:00:48]} 25. Qxb5 {[%emt 0:00:31]} axb5 {[%emt 0:00:02]} 26. Bxd8 {[%emt 0:00:10]} Rxd8 {[%emt 0:02:04]} ({But not} 26... Nxc1 $6 27. Bxe7 Ne2+ 28. Kf1 $16) 27. Rc3 {[%emt 0:00:07]} c4 {[%emt 0:00:22]} 28. a4 {[%emt 0:01:46]} bxa4 {[%emt 0:00:43]} 29. Rxc4 {[%emt 0:00:04]} a3 $11 {[%emt 0:00:27]} 30. Ra4 {[%emt 0:00:30]} Rc8 {[%emt 0:00:29]} 31. Kf1 {[%emt 0:06:06]} Rc2 {[%emt 0:00:36]} 32. Ra8+ {[%emt 0:03:00]} Bf8 {[%emt 0:00:14]} 33. Ne5 {[%emt 0:00:01]} Nc5 {[%emt 0:00:43]} 34. Nxd7 {[%emt 0:03:08]} Nxd7 {[%emt 0:00:11]} 35. Rxd7 {[%emt 0:00:04]} g6 {[%emt 0:00:35]} 36. Rdd8 {[%emt 0:00:23]} Kg7 {[%emt 0:00:23]} 37. Rxf8 {[%emt 0:00:04]} a2 1-0

[Event "FRA-ch Youth U16 2018"]
[Site "Agen"]
[Date "2018.04.21"]
[Round "8"]
[White "Vlachos, Anatole"]
[Black "Travadon, Loic"]
[Result "0-1"]
[WhiteElo "2346"]
[BlackElo "2344"]
[Annotator "TA"]
[PlyCount "62"]
[EventDate "2018.??.??"]
[EventType "swiss"]
[EventCountry "FRA"]
[SourceTitle "playchess.com"]
[Source "ChessBase"]
[SourceQuality "1"]

{[%evp 15,62,4,16,3,7,0,12,0,0,-14,-8,-46,-51,-83,-83,-160,-83,-81,-76,-97,-67,-97,-87,-92,-77,-73,-18,-39,-47,-53,-41,-69,0,0,0,-104,-91,-91,-81,-330,-345,-454,-438,-545,-532,-535,-536,-5789,-5306]} 1. Nf3 f5 2. g3 Nf6 3. Bg2 g6 4. O-O Bg7 5. d3 d6 6. Nc3 {A04: Unusual lines after 1 Nf3 and King's Indian Attack} (6. c3 Nc6 7. Qb3 e6 8. e4 fxe4 9. Ng5 Qe7 10. dxe4 O-O 11. Nd2 Kh8 12. Nc4 Ng4 13. h3 Nge5 14. Nxe5 Nxe5 {1-0 (26) Movsesian,S (2677)-Khaetsky,R (2373) Pardubice 2017}) 6... O-O 7. e4 fxe4 8. dxe4 e5 {LiveBook: 6 Games} 9. h3 Nc6 10. Be3 h6 11. Qd2 $146 ({Find the theoretical novelty and annotate with similar games:} 11. Nh2 Be6 {0-1 (59) Chelushkina,I (2319)-Muzychuk,M (2444) Rijeka 2010}) 11... Kh7 12. Nh2 Be6 13. f4 exf4 14. gxf4 {[#]} Qd7 $1 15. Rf2 ({White should try} 15. Rf3) 15... Ne7 (15... Bxh3 $142 16. f5 Bxg2 17. fxg6+ Kxg6 18. Rxg2+ Kh7) 16. h4 Rad8 17. Rd1 b6 18. Qe1 Ng4 19. Nxg4 Bxg4 20. Rd3 Bh5 (20... Ng8 $17) 21. Rfd2 Qg4 22. Ne2 Rde8 $36 {[%mdl 2048] Black fights for an advantage.} 23. Kh2 {Black must now prevent Bh3.} Bf6 ({And not} 23... Bxb2 24. Bh3 $16) ({Better is} 23... Qc8 $15) 24. Bh3 $11 Bxh4 25. Bf2 (25. Qh1 $11 Qf3 26. Bg2) 25... Bxf2 $17 26. Qxf2 {[#]} Qg5 $1 {[%mdl 512]} 27. Qd4 $2 (27. Qg3 $17 {keeps fighting.} Qf6 28. Nd4) (27. fxg5 Rxf2+) 27... Qh4 $19 28. f5 Bxe2 {Black is clearly winning.} 29. fxg6+ Nxg6 30. Rxe2 Nf4 31. Rg3 {[#]} Qxg3+ $1 {[%mdl 512] Precision: White = 28%, Black = 58%.} 0-1

[Event "FRA-ch Youth U16 2018"]
[Site "Agen"]
[Date "2018.04.21"]
[Round "8"]
[White "Tomasi, Albert"]
[Black "Hingouet, Matthieu"]
[Result "1-0"]
[WhiteElo "2298"]
[BlackElo "2163"]
[Annotator "TA"]
[PlyCount "47"]
[EventDate "2018.??.??"]
[EventType "swiss"]
[EventCountry "FRA"]
[SourceTitle "playchess.com"]
[Source "ChessBase"]
[SourceQuality "1"]

{[%evp 28,47,47,42,52,72,58,66,74,60,203,208,385,412,641,658,673,653,595,419,594,575]} 1. e4 c6 2. d4 d5 3. Nc3 {[%cal Bb1c3,Bc3e4,Be4g5][%mdl 32]} dxe4 4. Nxe4 Nd7 5. Ng5 Ngf6 6. Bd3 e6 7. N1f3 Bd6 8. Qe2 h6 9. Ne4 Nxe4 10. Qxe4 Nf6 11. Qe2 b6 12. Bd2 Bb7 13. O-O-O Qc7 14. Kb1 O-O-O 15. Rhe1 {LiveBook: 10 Games. B17: Caro-Kann: Modern Line (4...Nd7)} (15. c4 Rhe8 16. c5 bxc5 17. Rc1 Bf8 18. dxc5 e5 19. Bf5+ Kb8 20. g3 g6 21. Bc2 Nd5 22. Qe1 Qe7 {½-½ (71) Sulskis,S (2518)-Kovalenko,I (2684) Parnu 2016}) 15... c5 16. dxc5 Bxc5 17. g3 $146 {White is slightly better.} ({Predecessor:} 17. Bc3 Kb8 18. a3 Rhg8 19. Be5 Bd6 20. Nd4 Qc5 21. Bxf6 gxf6 22. Be4 Be5 23. Bxb7 Rxd4 24. Rxd4 Qxd4 {½-½ (61) Oprisor,R (2412)-Landero Luna,V (2373) ICCF email 2011}) 17... Nd5 18. a3 Ne7 {[#]} ({Black should play} 18... Kb8 $14) 19. b4 $1 $18 {[%cal Rb4c5]} Bd4 $2 (19... Bd6 20. Nd4 Qd7) 20. Bf4 {[%cal Bd2f4,Bf4e5,Be5g7,Bg7f6][%mdl 32]} Qc3 (20... Qc6 $142) 21. Nxd4 Qxd4 22. Be5 Qd5 23. Bxg7 Rhg8 (23... Qf3 $142 24. Bxh8 Qxe2) 24. Bf6 {Precision: White = 97%, Black =  4%.} 1-0